000 00801nam a2200253Ia 4500
003 OSt
005 20220918170401.0
006 a|||||r|||| 00| 0
007 ta
008 220917b |||||||| |||| 00| 0 eng d
020 _a9780199481934 (hbk)
_cINR 995.00
024 _a348,805
037 _bIN3752/18-19, 15/03/2019, R. K. Books
_cTextual
040 _aARTS
_cARTS
_beng
041 _2eng
_aeng
082 _aW81, Q8
100 _aRaghuramaraju A. Ed.
_928350
245 0 _aDesire and liberation
_b biography of a text by Vaddera Chandidas
260 _aOxford
_bOxford University Press UK
_c2018
300 _a220p.
_ccm.
650 _aPOLITICAL SCIENCE
942 _hW81, Q8
_cTEXL
_2CC
999 _c133917
_d133917